000 00552nam a2200181 4500
008 020529s1971 enk engYA
020 _a080070472X
090 0 _aBV4012.2
_bH99
100 1 _aHyder, O. Quentin
245 1 0 _aThe Christian's handbook of psychiatry /
_cO. Quentin Hyder
260 _aNew Jersey :
_bFleming H. Revell,
_cc1971.
300 _a192 p.
650 4 _aCounseling.
650 4 _aMental hygiene.
650 4 _aPsychology. Religious.
950 0 _8.95
951 _p7224
_x00013262
_oBV4012.2/H99
_j070613111122187
_d2000-12-21
_cREF
999 _c8655
_d8655